<?xml version="1.0" encoding="UTF-8"?>
<record
    xmlns:xsi="http://www.w3.org/2001/XMLSchema-instance"
    xsi:schemaLocation="http://www.loc.gov/MARC21/slim http://www.loc.gov/standards/marcxml/schema/MARC21slim.xsd"
    xmlns="http://www.loc.gov/MARC21/slim">

  <leader>00617nam a22002417a 4500</leader>
  <controlfield tag="003">UA-OsUOA</controlfield>
  <controlfield tag="001"> 24814 </controlfield>
  <controlfield tag="007">ta</controlfield>
  <controlfield tag="008">20040302b un ||||| |||| 00| 0 ukr d</controlfield>
  <datafield tag="100" ind1=" " ind2=" ">
    <subfield code="a">&#x424;&#x443;&#x442;&#x442;&#x435;&#x439; &#x411;.</subfield>
  </datafield>
  <datafield tag="090" ind1=" " ind2=" ">
    <subfield code="a">342.4(477)</subfield>
    <subfield code="b">&#x424;96</subfield>
  </datafield>
  <datafield tag="942" ind1=" " ind2=" ">
    <subfield code="c">BK</subfield>
  </datafield>
  <datafield tag="040" ind1=" " ind2=" ">
    <subfield code="a">UA-OsUOA</subfield>
    <subfield code="b">ukr</subfield>
    <subfield code="c">UA-OsUOA</subfield>
    <subfield code="d">UA-OsUOA</subfield>
  </datafield>
  <datafield tag="245" ind1=" " ind2=" ">
    <subfield code="a">&#x421;&#x435;&#x43C;&#x456;&#x43D;&#x430;&#x440;: &#x440;&#x43E;&#x437;&#x432;&#x438;&#x442;&#x43E;&#x43A; &#x43D;&#x435;&#x434;&#x435;&#x440;&#x436;&#x430;&#x432;&#x43D;&#x438;&#x445; &#x43E;&#x440;&#x433;&#x430;&#x43D;&#x456;&#x437;&#x430;&#x446;&#x456;&#x439; &#x447;&#x435;&#x440;&#x435;&#x437; &#x43F;&#x440;&#x430;&#x432;&#x43E;&#x432;&#x456; &#x440;&#x435;&#x444;&#x43E;&#x440;&#x43C;&#x438;</subfield>
  </datafield>
  <datafield tag="300" ind1=" " ind2=" ">
    <subfield code="a">223 &#x441;.</subfield>
  </datafield>
  <datafield tag="955" ind1=" " ind2=" ">
    <subfield code="a">0</subfield>
  </datafield>
  <datafield tag="041" ind1=" " ind2=" ">
    <subfield code="a">ukr</subfield>
  </datafield>
  <datafield tag="080" ind1=" " ind2=" ">
    <subfield code="a">342.4(477)</subfield>
  </datafield>
  <datafield tag="260" ind1=" " ind2=" ">
    <subfield code="a">&#x41A;&#x438;&#x457;&#x432;</subfield>
    <subfield code="c">1996</subfield>
  </datafield>
  <datafield tag="044" ind1=" " ind2=" ">
    <subfield code="a">UA</subfield>
  </datafield>
  <datafield tag="650" ind1=" " ind2="7">
    <subfield code="2">UDC</subfield>
  </datafield>
  <datafield tag="999" ind1=" " ind2=" ">
    <subfield code="c">311098</subfield>
    <subfield code="d">311098</subfield>
  </datafield>
  <datafield tag="952" ind1=" " ind2=" ">
    <subfield code="0">0</subfield>
    <subfield code="1">0</subfield>
    <subfield code="2">udc</subfield>
    <subfield code="4">0</subfield>
    <subfield code="7">0</subfield>
    <subfield code="a">102</subfield>
    <subfield code="b">102</subfield>
    <subfield code="d">2004-03-02</subfield>
    <subfield code="g">29.25</subfield>
    <subfield code="i">66860</subfield>
    <subfield code="l">0</subfield>
    <subfield code="o">342.4(477) &#x424;96</subfield>
    <subfield code="p">66860</subfield>
    <subfield code="r">2022-02-06 00:00:00</subfield>
    <subfield code="w">2004-03-02</subfield>
    <subfield code="y">BK</subfield>
  </datafield>
  <datafield tag="952" ind1=" " ind2=" ">
    <subfield code="0">0</subfield>
    <subfield code="1">0</subfield>
    <subfield code="2">udc</subfield>
    <subfield code="4">0</subfield>
    <subfield code="7">0</subfield>
    <subfield code="a">102</subfield>
    <subfield code="b">102</subfield>
    <subfield code="d">2004-03-03</subfield>
    <subfield code="g">47.65</subfield>
    <subfield code="i">66990</subfield>
    <subfield code="l">0</subfield>
    <subfield code="o">342.4(477) &#x424;96</subfield>
    <subfield code="p">66990</subfield>
    <subfield code="r">2022-02-06 00:00:00</subfield>
    <subfield code="w">2004-03-02</subfield>
    <subfield code="y">BK</subfield>
  </datafield>
  <datafield tag="952" ind1=" " ind2=" ">
    <subfield code="0">0</subfield>
    <subfield code="1">0</subfield>
    <subfield code="2">udc</subfield>
    <subfield code="4">0</subfield>
    <subfield code="7">0</subfield>
    <subfield code="a">102</subfield>
    <subfield code="b">102</subfield>
    <subfield code="d">2004-03-03</subfield>
    <subfield code="g">47.65</subfield>
    <subfield code="i">66991</subfield>
    <subfield code="l">0</subfield>
    <subfield code="o">342.4(477) &#x424;96</subfield>
    <subfield code="p">66991</subfield>
    <subfield code="r">2022-02-06 00:00:00</subfield>
    <subfield code="w">2004-03-02</subfield>
    <subfield code="y">BK</subfield>
  </datafield>
  <datafield tag="952" ind1=" " ind2=" ">
    <subfield code="0">0</subfield>
    <subfield code="1">0</subfield>
    <subfield code="2">udc</subfield>
    <subfield code="4">0</subfield>
    <subfield code="7">0</subfield>
    <subfield code="a">102</subfield>
    <subfield code="b">102</subfield>
    <subfield code="d">2004-03-03</subfield>
    <subfield code="g">17.00</subfield>
    <subfield code="i">66992</subfield>
    <subfield code="l">0</subfield>
    <subfield code="o">342.4(477) &#x424;96</subfield>
    <subfield code="p">66992</subfield>
    <subfield code="r">2022-02-06 00:00:00</subfield>
    <subfield code="w">2004-03-02</subfield>
    <subfield code="y">BK</subfield>
  </datafield>
  <datafield tag="952" ind1=" " ind2=" ">
    <subfield code="0">0</subfield>
    <subfield code="1">0</subfield>
    <subfield code="2">udc</subfield>
    <subfield code="4">0</subfield>
    <subfield code="7">0</subfield>
    <subfield code="a">102</subfield>
    <subfield code="b">102</subfield>
    <subfield code="d">2004-03-03</subfield>
    <subfield code="g">40.00</subfield>
    <subfield code="i">66993</subfield>
    <subfield code="l">0</subfield>
    <subfield code="o">342.4(477) &#x424;96</subfield>
    <subfield code="p">66993</subfield>
    <subfield code="r">2022-02-06 00:00:00</subfield>
    <subfield code="w">2004-03-02</subfield>
    <subfield code="y">BK</subfield>
  </datafield>
</record>
